Foundations of electromagnetic theory

সংরক্ষণ করুন:
গ্রন্থ-পঞ্জীর বিবরন
প্রধান লেখক: Reitz, John R.
বিন্যাস: গ্রন্থ
ভাষা:Undetermined
প্রকাশিত: Reading, Mass Addison-Wesley 1993
বিষয়গুলি:
ট্যাগগুলো: ট্যাগ যুক্ত করুন
কোনো ট্যাগ নেই, প্রথমজন হিসাবে ট্যাগ করুন!
Thư viện lưu trữ: Trung tâm Học liệu Trường Đại học Cần Thơ
LEADER 00533nam a2200181Ia 4500
001 CTU_148840
008 210402s9999 xx 000 0 und d
082 |a 530.141 
082 |b R379 
100 |a Reitz, John R. 
245 0 |a Foundations of electromagnetic theory 
245 0 |c John R. Reitz, Frederic J. Milford, Robert W. Christy 
260 |a Reading, Mass 
260 |b Addison-Wesley 
260 |c 1993 
650 |a Electromagnetic theory. 
904 |i Tuyến 
980 |a Trung tâm Học liệu Trường Đại học Cần Thơ